[Event "Santo Domingo La Raza op"]
[Site "Santo Domingo"]
[Date "2015.10.13"]
[Round "2"]
[White "Paulino Rosario, Dalver"]
[Black "Gomez Ferreras, William Rogelio"]
[Result "1-0"]
[WhiteElo "1798"]
[BlackElo "1492"]
[PlyCount "83"]
[EventDate "2015.10.12"]
[EventType "swiss"]
[EventRounds "8"]
[EventCountry "DOM"]
[SourceTitle "CBM 169 Extra"]
[Source "ChessBase"]
[SourceDate "2015.12.18"]
[SourceVersion "1"]
[SourceVersionDate "2015.12.18"]
[SourceQuality "1"]

1. e4 e5 2. Nf3 Nc6 3. Bb5 a6 4. Ba4 Nf6 5. 0-0 Be7 6. c3 b5 7. Bc2 d5 8. d3 dxe4 9. dxe4 Qxd1 10. Rxd1 Bg4 11. Rd3 0-0 12. Ne1 Rfd8 13. f3 Rxd3 14. Nxd3 Be6 15. Bg5 Rd8 16. Nd2 h6 17. Be3 Ne8 18. Kf1 f6 19. Ke2 a5 20. a4 b4 21. Nc5 Bf7 22. Bb3 Bxc5 23. Bxc5 Rxd2+ 24. Kxd2 Bxb3 25. cxb4 Nxb4 26. Bxb4 axb4 27. a5 Nd6 28. a6 Nc4+ 29. Kc1 Nb6 30. Ra5 Bc4 31. a7 c6 32. a8Q+ Nxa8 33. Rxa8+ Kf7 34. Ra4 Bb5 35. Rxb4 Ke6 36. Kd2 Kd6 37. Rb3 Kc7 38. Rc3 Kb6 39. g3 g5 40. Ke3 Kc7 41. f4 Kb7 42. fxe5 1-0